000 00309nam a22001457a 4500
008 210225b ||||| |||| 00| 0 eng d
020 _a2900538731415
041 _aeng
080 _29th
_a338
082 _a338
100 _a54
101 _aMEN
245 _aRecords Managment
_cRead, J
942 _2udc
_cBK
999 _c55213
_d55213